THE TEACHER'S TOOLKIT: RAISE CLASSROOM ACHIEVEMENT WITH STRATEGIES FOR EVERY LEARNER (Record no. 215747)
[ view plain ]
| 000 -LEADER | |
|---|---|
| fixed length control field | 00577nam a22001697a 4500 |
| 008 - FIXED-LENGTH DATA ELEMENTS--GENERAL INFORMATION | |
| fixed length control field | 250624b |||||||| |||| 00| 0 eng d |
| 020 ## - INTERNATIONAL STANDARD BOOK NUMBER | |
| International Standard Book Number | 978-1899836765 |
| 050 ## - LIBRARY OF CONGRESS CALL NUMBER | |
| Classification number | LB 1025.3 .G56 2002 |
| 100 ## - MAIN ENTRY--PERSONAL NAME | |
| Personal name | GINNIS, PAUL. |
| 245 ## - TITLE STATEMENT | |
| Title | THE TEACHER'S TOOLKIT: RAISE CLASSROOM ACHIEVEMENT WITH STRATEGIES FOR EVERY LEARNER |
| 260 ## - PUBLICATION, DISTRIBUTION, ETC. | |
| Place of publication, distribution, etc. | WALES |
| Name of publisher, distributor, etc. | CROWN HOUSE PUB. |
| Date of publication, distribution, etc. | 2002 |
| 300 ## - PHYSICAL DESCRIPTION | |
| Extent | XI,356P,;ILL |
| 500 ## - GENERAL NOTE | |
| General note | INCLUDES BIBLIOGRAPHICAL REFERENCES AND INDEX |
| 650 ## - SUBJECT ADDED ENTRY | |
| Topical term or geographic name entry element | 1. ACTIVITY PROGRAMS IN EDUCATION. 2. EFFECTIVE TEACHING. |
| 942 ## - ADDED ENTRY ELEMENTS (KOHA) | |
| Source of classification or shelving scheme | Library of Congress Classification |
| Koha item type | Long Loan Book |
| Withdrawn status | Lost status | Source of classification or shelving scheme | Damaged status | Not for loan | Collection | Home library | Current library | Shelving location | Date acquired | Inventory number | Total checkouts | Full call number | Barcode | Date last seen | Copy number | Price effective from | Koha item type |
|---|---|---|---|---|---|---|---|---|---|---|---|---|---|---|---|---|---|
| Library of Congress Classification | Arts & Social Sciences | Kisii University Library | Kisii University Library | On Display | 06/24/2025 | 108459 | LB 1025.3 .G56 2002 | 000000024900 | 06/24/2025 | 1 | 06/24/2025 | Long Loan Book | |||||
| Library of Congress Classification | Arts & Social Sciences | Kisii University Library | Kisii University Library | On Display | 06/24/2025 | 108460 | LB 1025.3 .G56 2002 | 000000024941 | 06/24/2025 | 2 | 06/24/2025 | Long Loan Book | |||||
| Library of Congress Classification | Arts & Social Sciences | Kisii University Library | Kisii University Library | On Display | 06/24/2025 | 108461 | LB 1025.3 .G56 2002 | 000000024887 | 06/24/2025 | 3 | 06/24/2025 | Long Loan Book | |||||
| Library of Congress Classification | Arts & Social Sciences | Kisii University Library | Kisii University Library | On Display | 06/24/2025 | 108462 | LB 1025.3 .G56 2002 | 000000024886 | 06/24/2025 | 4 | 06/24/2025 | Long Loan Book |